[Event "17. Europa ch Juvenil - Femenino s16"]
[Site "Sibenik CRO"]
[Date "2007.09.17"]
[Round "4.18"]
[White "Tsirulnik, Maritsa"]
[Black "Orehek, Spela"]
[Result "1/2-1/2"]
[WhiteElo "2095"]
[BlackElo "1847"]
[PlyCount "219"]
[EventDate "2007.09.14"]
[EventType "swiss"]
[EventRounds "9"]
[EventCountry "CRO"]
[Source "lmi"]
[SourceDate "2007.09.14"]

1. e4 e5 2. Nf3 Nf6 3. Nxe5 d6 4. Nf3 Nxe4 5. d4 d5 6. Bd3 Be7 7. O-O Nc6 8. c4
Nb4 9. Re1 Nxd3 10. Qxd3 Bf5 11. Qb3 dxc4 12. Qxb7 Nd6 13. Qa6 O-O 14. Na3 Bf6
15. Ne5 Be6 16. Be3 c5 17. Rad1 cxd4 18. Bxd4 Qc7 19. Bc3 Nf5 20. Naxc4 Bxc4
21. Nxc4 Bxc3 22. bxc3 Rac8 23. Ne3 Nxe3 24. Rxe3 Rfd8 25. Rde1 h6 26. h3 Rd2
27. Qxc8+ Qxc8 28. Re8+ Qxe8 29. Rxe8+ Kh7 30. a4 Rd1+ 31. Kh2 Ra1 32. Re4 Ra3
33. Rc4 Kg6 34. Kg3 Kf6 35. Kf4 Ke6 36. Ke4 Kd6 37. Kd3 Ra2 38. Rf4 Ke6 39. g4
f6 40. Ke3 Ra3 41. Rc4 Kd6 42. h4 g6 43. Rd4+ Ke6 44. Kd3 a5 45. Rc4 Kd6 46. f3
Ra2 47. g5 hxg5 48. hxg5 fxg5 49. Rg4 Rf2 50. Ke3 Rc2 51. Rxg5 Rxc3+ 52. Kf2
Rc5 53. Rxg6+ Ke7 54. Ra6 Kf7 55. Ke3 Ke7 56. Rg6 Rc3+ 57. Ke2 Rc5 58. Kd3 Rf5
59. Ke3 Re5+ 60. Kf2 Rc5 61. Kg3 Kf7 62. Rg4 Kf6 63. Rf4+ Kg6 64. Rd4 Kf6 65.
Kf4 Rf5+ 66. Ke4 Re5+ 67. Kd3 Rc5 68. Re4 Rf5 69. f4 Rc5 70. Kd4 Rf5 71. Kc4
Kf7 72. Re5 Rxf4+ 73. Kb5 Kf6 74. Rc5 Ke7 75. Kxa5 Kd6 76. Rc1 Rf2 77. Ka6 Ra2
78. a5 Rb2 79. Ka7 Kd7 80. a6 Rb3 81. Rh1 Rb2 82. Rh7+ Kc8 83. Rb7 Ra2 84. Rb5
Kc7 85. Rc5+ Kd6 86. Rb5 Kc7 87. Rb6 Ra1 88. Rb4 Ra2 89. Rc4+ Kd7 90. Rc5 Kd6
91. Rh5 Kc7 92. Rh7+ Kc8 93. Rh6 Kc7 94. Ka8 Ra1 95. a7 Ra2 96. Rh5 Rb2 97.
Rh7+ Kc8 98. Rh8+ Kc7 99. Rb8 Ra2 100. Rb7+ Kc8 101. Rb5 Kc7 102. Rb4 Rc2 103.
Rg4 Rc3 104. Rg7+ Kc8 105. Rb7 Ra3 106. Rb8+ Kc7 107. Rb5 Rc3 108. Rb8 Ra3 109.
Rb5 Rc3 110. Rb8 1/2-1/2

[Event "17. Europa ch Juvenil - Femenino s16"]
[Site "Sibenik CRO"]
[Date "2007.09.17"]
[Round "4.19"]
[White "Bragina, Anastasia"]
[Black "Arce Calva, Elvira"]
[Result "1-0"]
[WhiteElo "2059"]
[BlackElo "1841"]
[PlyCount "95"]
[EventDate "2007.09.14"]
[EventType "swiss"]
[EventRounds "9"]
[EventCountry "CRO"]
[Source "lmi"]
[SourceDate "2007.09.14"]

1. e4 d5 2. exd5 Qxd5 3. Nc3 Qa5 4. d4 c6 5. Nf3 Nf6 6. Bc4 Bf5 7. Bd2 e6 8. h3
Nbd7 9. Nh4 Bg6 10. Nxg6 hxg6 11. Qe2 Bb4 12. a3 Bxc3 13. Bxc3 Qc7 14. Bb3 Nb6
15. Ba5 Qd7 16. O-O-O O-O 17. g4 Nbd5 18. h4 Rfc8 19. h5 Kf8 20. c4 Ne7 21. Bb4
a5 22. Bxe7+ Qxe7 23. hxg6 fxg6 24. Rd3 Qd7 25. g5 Nh5 26. c5 Ke7 27. Bxe6 Nf4
28. Bxd7+ Nxe2+ 29. Kd2 Kxd7 30. Kxe2 Re8+ 31. Re3 Rf8 32. Rhh3 Rf4 33. Rhf3
Raf8 34. Rb3 Kc7 35. Rbd3 R4f5 36. Rxf5 Rxf5 37. Rg3 b6 38. b4 bxc5 39. bxc5
Rf8 40. Rf3 Rf5 41. Rxf5 gxf5 42. f4 Kd7 43. Kd3 Ke7 44. Kc3 Kd7 45. Kb3 g6 46.
Ka4 Ke6 47. Kxa5 Kd5 48. Kb6 1-0

[Event "17. Europa ch Juvenil - Femenino s16"]
[Site "Sibenik CRO"]
[Date "2007.09.18"]
[Round "5.1"]
[White "Ozturk, Kubra"]
[Black "Muzychuk, Mariya"]
[Result "1/2-1/2"]
[WhiteElo "2167"]
[BlackElo "2330"]
[PlyCount "70"]
[EventDate "2007.09.14"]
[EventType "swiss"]
[EventRounds "9"]
[EventCountry "CRO"]
[Source "lmi"]
[SourceDate "2007.09.14"]

1. d4 f5 2. g3 Nf6 3. Bg2 g6 4. Nf3 Bg7 5. b4 O-O 6. c4 Ne4 7. Bb2 c5 8. bxc5
Nxc5 9. O-O Nc6 10. Nbd2 d6 11. Rb1 Na6 12. Qb3 e6 13. e4 fxe4 14. Nxe4 d5 15.
Ned2 Nc7 16. Rfe1 b6 17. h4 Bb7 18. Qe3 dxc4 19. Nxc4 Nb4 20. Qb3 Bd5 21. Qxb4
Bxf3 22. Ne5 Bxg2 23. Kxg2 Qd5+ 24. Kg1 Rf5 25. Rbc1 Raf8 26. Nc6 Bf6 27. Qb3
Qd7 28. Re2 Nd5 29. Nb4 Nxb4 30. Qxb4 Rd5 31. Re4 Rb5 32. Qc3 Rc5 33. Qe3 Rxc1+
34. Bxc1 Rc8 35. Ba3 Rc6 1/2-1/2

[Event "17. Europa ch Juvenil - Femenino s16"]
[Site "Sibenik CRO"]
[Date "2007.09.18"]
[Round "5.3"]
[White "Korchagina, Viktoria"]
[Black "Agrest, Inna"]
[Result "0-1"]
[WhiteElo "2152"]
[BlackElo "2077"]
[PlyCount "164"]
[EventDate "2007.09.14"]
[EventType "swiss"]
[EventRounds "9"]
[EventCountry "CRO"]
[Source "lmi"]
[SourceDate "2007.09.14"]

1. e4 e5 2. Nf3 Nc6 3. Bb5 a6 4. Ba4 Nf6 5. O-O b5 6. Bb3 Bc5 7. d3 d6 8. a4
Rb8 9. c3 Bg4 10. Nbd2 O-O 11. Re1 b4 12. Bc4 a5 13. Nf1 d5 14. exd5 Nxd5 15.
Be3 Nxe3 16. Nxe3 Bh5 17. Nf5 Kh8 18. Ng3 Bg6 19. Bb5 Na7 20. Nxe5 Nxb5 21.
axb5 bxc3 22. bxc3 Rxb5 23. d4 Bd6 24. Qe2 Rb3 25. Nxg6+ fxg6 26. Ne4 Qa8 27.
Qc2 a4 28. Nd2 Ra3 29. Rxa3 Bxa3 30. Ra1 Bd6 31. Rxa4 Qe8 32. Ra1 Qe2 33. Qd1
Qxf2+ 34. Kh1 Qe3 35. Nc4 Qxc3 36. Rc1 Qb4 37. Nxd6 cxd6 38. h3 h6 39. Qg4 Kh7
40. Kh2 Qd2 41. Rd1 Qc2 42. Re1 h5 43. Qg3 Rf6 44. Re7 Qd1 45. Qh4 Rf1 46. Qe4
Qc1 47. Qe3 Qxe3 48. Rxe3 Rf4 49. Rd3 d5 50. Kg3 g5 51. Rd1 Kg6 52. Rd2 Kf5 53.
Kh2 Ke4 54. g3 Rf3 55. Kg2 Rd3 56. Re2+ Re3 57. Rd2 h4 58. g4 Rg3+ 59. Kh2 Rd3
60. Re2+ Kxd4 61. Re7 Re3 62. Rxg7 Re5 63. Rf7 Ke4 64. Kg2 d4 65. Kf2 d3 66.
Ke1 Ke3 67. Kd1 Ra5 68. Re7+ Kf3 69. Kd2 Rd5 70. Re3+ Kg2 71. Kd1 Rd8 72. Kd2
Rd4 73. Kd1 Rf4 74. Rxd3 Rf3 75. Rd5 Kxh3 76. Rxg5 Kg2 77. Ke2 h3 78. Rh5 Rg3
79. Rf5 h2 80. Rf2+ Kh3 81. Rf1 Rg1 82. Rf3+ Kxg4 0-1

[Event "17. Europa ch Juvenil - Femenino s16"]
[Site "Sibenik CRO"]
[Date "2007.09.18"]
[Round "5.4"]
[White "Golek, Jagoda"]
[Black "Khazhomia, Salome"]
[Result "0-1"]
[WhiteElo "1990"]
[BlackElo "2175"]
[PlyCount "188"]
[EventDate "2007.09.14"]
[EventType "swiss"]
[EventRounds "9"]
[EventCountry "CRO"]
[Source "lmi"]
[SourceDate "2007.09.14"]

1. f4 d5 2. Nf3 c5 3. g3 Nc6 4. Bg2 g6 5. O-O Bg7 6. d3 d4 7. Nbd2 Nf6 8. Nc4
Nd5 9. a4 O-O 10. Re1 Rb8 11. e4 dxe3 12. Nxe3 Nxe3 13. Rxe3 Be6 14. Re1 Qb6
15. Kh1 Rfd8 16. Qe2 Bg4 17. Qe4 Qb4 18. Rb1 Qxe4 19. Rxe4 Bf5 20. Re2 Nb4 21.
Nh4 Bg4 22. Bf3 Be6 23. b3 Bd4 24. Ng2 Nd5 25. Bd2 Rd7 26. Rbe1 Nc3 27. Bxc3
Bxc3 28. Rf1 a6 29. Ne3 b5 30. axb5 axb5 31. Bg2 Bf6 32. g4 Rd4 33. f5 Bd7 34.
h3 Bh4 35. Be4 Rd6 36. Ng2 Bf6 37. Nf4 Kg7 38. Kg2 Ra6 39. Kg3 Be5 40. Kf3 Bxf4
41. Kxf4 gxf5 42. Bxf5 Bxf5 43. gxf5 Kf6 44. Rg1 h6 45. Rg4 Rd6 46. Rh4 Rh8 47.
Rh5 Rd5 48. Re4 b4 49. Rc4 e6 50. Re4 exf5 51. Rc4 Kg6 52. Rh4 Rhd8 53. Kf3 Re8
54. d4 cxd4 55. Rhxd4 Rde5 56. Rd3 Re4 57. Rc6+ Kg5 58. Rc7 Kg6 59. Rc6+ R8e6
60. Rc8 Rh4 61. Kg3 Ree4 62. Rc6+ Kg5 63. Rc5 f6 64. Rb5 Re5 65. Rb8 Rhe4 66.
Kf3 f4 67. Rg8+ Kf5 68. Rc8 Re3+ 69. Rxe3 fxe3 70. Ke2 Kf4 71. Rc4+ Re4 72. Rc6
Kg5 73. c4 f5 74. Rc5 Kf6 75. Rc6+ Ke5 76. Rxh6 f4 77. Rh8 Kd4 78. Rf8 Kc3 79.
h4 Kxb3 80. h5 Rxc4 81. h6 Rc2+ 82. Kf3 Rf2+ 83. Kg4 Rh2 84. Re8 Rxh6 85. Kxf4
Rh3 86. Kg4 Rh2 87. Rxe3+ Kb2 88. Kf4 b3 89. Re7 Rc2 90. Ke3 Kb1 91. Kd3 b2 92.
Rf7 Rc6 93. Kd2 Ra6 94. Rb7 Ka1 0-1

[Event "17. Europa ch Juvenil - Femenino s16"]
[Site "Sibenik CRO"]
[Date "2007.09.18"]
[Round "5.5"]
[White "Ni, Viktorija"]
[Black "Sikorska, Dorota"]
[Result "1/2-1/2"]
[WhiteElo "2147"]
[BlackElo "1915"]
[PlyCount "35"]
[EventDate "2007.09.14"]
[EventType "swiss"]
[EventRounds "9"]
[EventCountry "CRO"]
[Source "lmi"]
[SourceDate "2007.09.14"]

1. d4 Nf6 2. Nf3 c5 3. e3 e6 4. c4 d5 5. Nc3 Nc6 6. a3 Be7 7. Bd3 cxd4 8. exd4
dxc4 9. Bxc4 O-O 10. O-O b6 11. Re1 Bb7 12. Ba2 Rc8 13. Bg5 Nd5 14. Bd2 Nf6 15.
Bg5 Nd5 16. Bd2 Nf6 17. Bf4 Na5 18. Rc1 1/2-1/2

[Event "17. Europa ch Juvenil - Femenino s16"]
[Site "Sibenik CRO"]
[Date "2007.09.18"]
[Round "5.6"]
[White "Forgues, Valerie"]
[Black "Paulauskaite, Gintare"]
[Result "1-0"]
[WhiteElo "1983"]
[BlackElo "2015"]
[PlyCount "73"]
[EventDate "2007.09.14"]
[EventType "swiss"]
[EventRounds "9"]
[EventCountry "CRO"]
[Source "lmi"]
[SourceDate "2007.09.14"]

1. e4 e6 2. d4 d5 3. Nc3 Nf6 4. Bg5 Be7 5. e5 Nfd7 6. Bxe7 Qxe7 7. f4 O-O 8.
Nf3 c5 9. Qd2 Nc6 10. dxc5 Nxc5 11. O-O-O Rb8 12. Nd4 Bd7 13. Be2 Nxd4 14. Qxd4
b5 15. f5 Qg5+ 16. Kb1 Rfc8 17. fxe6 fxe6 18. h4 Qe7 19. Rdf1 b4 20. Nd1 Ne4
21. Rh3 Ba4 22. b3 Qc7 23. Qb2 Bb5 24. Re1 Bxe2 25. Rxe2 Rb5 26. g4 Rc5 27.
Rhh2 Rf8 28. Re1 Rf4 29. Rg2 d4 30. Ka1 d3 31. Ne3 d2 32. Rd1 Rxe5 33. Nc4 Nc3
34. Rgxd2 Nxd1 35. Qxe5 Rf1 36. Qxe6+ Kh8 37. Qe8+ 1-0

[Event "17. Europa ch Juvenil - Femenino s16"]
[Site "Sibenik CRO"]
[Date "2007.09.18"]
[Round "5.7"]
[White "Mnatsakanyan, Diana"]
[Black "Homiakova, Elena"]
[Result "1-0"]
[WhiteElo "1970"]
[BlackElo "2012"]
[PlyCount "105"]
[EventDate "2007.09.14"]
[EventType "swiss"]
[EventRounds "9"]
[EventCountry "CRO"]
[Source "lmi"]
[SourceDate "2007.09.14"]

1. e4 c5 2. Nf3 Nc6 3. c3 e6 4. d4 d5 5. Bd3 dxe4 6. Bxe4 Nf6 7. Bxc6+ bxc6 8.
O-O Be7 9. Bf4 O-O 10. Nbd2 Qb6 11. Nc4 Qb5 12. Nfe5 Nd5 13. a4 Qa6 14. Bh6
gxh6 15. Qg4+ Kh8 16. Qh5 Bb7 17. f4 Bf6 18. Rf3 Bg7 19. Nd6 Qe2 20. Nexf7+
Rxf7 21. Nxf7+ Kg8 22. Nxh6+ Kh8 23. Nf7+ Kg8 24. Ng5 Nf6 25. Qf7+ Kh8 26. Nxe6
Rg8 27. f5 Qxb2 28. Raf1 Ba6 29. Re1 Qd2 30. Rfe3 Ng4 31. Re4 Nh6 32. Qxg8+
Kxg8 33. Nxc5 Bc4 34. Re8+ Bf8 35. Nd7 Bf7 36. Rxf8+ Kg7 37. f6+ Kg6 38. Rf1
Ng4 39. h3 Qe3+ 40. Kh1 Qe2 41. hxg4 Qxf1+ 42. Kh2 Qf4+ 43. Kh3 Qh6+ 44. Kg3
Qe3+ 45. Kh2 Qf4+ 46. Kh3 Be6 47. Ne5+ Kg5 48. Nf3+ Kh6 49. Ne5 c5 50. f7 cxd4
51. Rg8 Bxf7 52. Nxf7+ Qxf7 53. g5+ 1-0

[Event "17. Europa ch Juvenil - Femenino s16"]
[Site "Sibenik CRO"]
[Date "2007.09.18"]
[Round "5.8"]
[White "Mammadova, Gulnar"]
[Black "Eric, Jovana"]
[Result "1-0"]
[WhiteElo "2217"]
[BlackElo "2041"]
[PlyCount "129"]
[EventDate "2007.09.14"]
[EventType "swiss"]
[EventRounds "9"]
[EventCountry "CRO"]
[Source "lmi"]
[SourceDate "2007.09.14"]

1. e4 c5 2. Nc3 d6 3. g3 g6 4. Bg2 Bg7 5. d3 Nc6 6. f4 e6 7. Nf3 Nge7 8. O-O
O-O 9. Be3 Nd4 10. e5 dxe5 11. Nxe5 Rb8 12. Ne4 b6 13. c3 Ndc6 14. Nxc6 Nxc6
15. Qe2 Bb7 16. Rad1 Qe7 17. g4 f5 18. Ng3 Rbe8 19. Rfe1 Qd7 20. gxf5 exf5 21.
Qf2 Re7 22. d4 cxd4 23. cxd4 Nb4 24. d5 Nxd5 25. Rxd5 Bxd5 26. Rd1 Kh8 27. Rxd5
Qa4 28. b3 Qb4 29. Nf1 Rfe8 30. Rd3 Rc7 31. a4 Rec8 32. Bd2 Qc5 33. Qxc5 bxc5
34. Ne3 Bd4 35. Kf1 Re7 36. Nd5 Rd7 37. b4 Bg7 38. bxc5 Rxc5 39. Ke2 h6 40. a5
Rc8 41. a6 Re8+ 42. Be3 Red8 43. Nb4 Rxd3 44. Nxd3 Bd4 45. Ne5 Bxe3 46. Nf7+
Kg8 47. Nxd8 Bxf4 48. Bd5+ Kh7 49. Nc6 Bxh2 50. Nxa7 Bg1 51. Nc8 Kg7 52. Kd3
Kf6 53. Kc4 Ke5 54. Kb5 Kxd5 55. Nb6+ Bxb6 56. Kxb6 Ke5 57. a7 Kf4 58. a8=Q h5
59. Qa4+ Kg5 60. Kc5 f4 61. Kd4 Kg4 62. Ke4 h4 63. Qd1+ Kg3 64. Qg1+ Kh3 65.
Kf3 1-0

[Event "17. Europa ch Juvenil - Femenino s16"]
[Site "Sibenik CRO"]
[Date "2007.09.18"]
[Round "5.9"]
[White "Fernandez, Laura"]
[Black "Repina, Varvara"]
[Result "0-1"]
[WhiteElo "2036"]
[BlackElo "2196"]
[PlyCount "42"]
[EventDate "2007.09.14"]
[EventType "swiss"]
[EventRounds "9"]
[EventCountry "CRO"]
[Source "lmi"]
[SourceDate "2007.09.14"]

1. e4 e5 2. Nf3 Nc6 3. Bc4 Bc5 4. c3 Nf6 5. d4 exd4 6. e5 d5 7. Bb5 Ne4 8. cxd4
Bb6 9. Nc3 O-O 10. Be3 Bg4 11. Qc2 f5 12. Nxd5 Ba5+ 13. Nc3 Nxc3 14. bxc3 Bxf3
15. O-O f4 16. Bc1 Qg5 17. g3 Qh5 18. h4 Qg4 19. Kh2 Ne7 20. Bd3 Nf5 21. Bxf5
Rxf5 0-1

[Event "17. Europa ch Juvenil - Femenino s16"]
[Site "Sibenik CRO"]
[Date "2007.09.18"]
[Round "5.11"]
[White "Parmar, Amisha"]
[Black "Shlakich, Anna"]
[Result "0-1"]
[WhiteElo "2011"]
[BlackElo "2169"]
[PlyCount "84"]
[EventDate "2007.09.14"]
[EventType "swiss"]
[EventRounds "9"]
[EventCountry "CRO"]
[Source "lmi"]
[SourceDate "2007.09.14"]

1. e4 c5 2. Nf3 e6 3. d4 cxd4 4. Nxd4 Nc6 5. Nxc6 bxc6 6. c4 Nf6 7. Bd3 e5 8.
Nc3 Bc5 9. O-O h6 10. Qe2 O-O 11. Be3 Qe7 12. Rae1 Re8 13. Na4 Bxe3 14. Qxe3 d6
15. h3 Nh5 16. Nc3 Qh4 17. Ne2 g5 18. g4 Nf4 19. Nxf4 gxf4 20. Qf3 h5 21. Be2
Kh8 22. Qg2 Rg8 23. f3 d5 24. cxd5 cxd5 25. exd5 f5 26. Qf2 Qxh3 27. Qh2 Qxh2+
28. Kxh2 fxg4 29. fxg4 hxg4 30. Bd1 Rg5 31. Re4 Kg7 32. d6 Bb7 33. Rfxf4 Bxe4
34. Rxe4 Rd8 35. Be2 g3+ 36. Kg2 Rxd6 37. Bf3 Rd2+ 38. Re2 Rxe2+ 39. Bxe2 e4
40. b4 Kf6 41. a4 Ke5 42. a5 Kf4 0-1

[Event "17. Europa ch Juvenil - Femenino s16"]
[Site "Sibenik CRO"]
[Date "2007.09.18"]
[Round "5.12"]
[White "Asgarova, Turan"]
[Black "Havlikova, Kristyna"]
[Result "1/2-1/2"]
[WhiteElo "1989"]
[BlackElo "2164"]
[PlyCount "49"]
[EventDate "2007.09.14"]
[EventType "swiss"]
[EventRounds "9"]
[EventCountry "CRO"]
[Source "lmi"]
[SourceDate "2007.09.14"]

1. e4 c5 2. Nf3 Nc6 3. d4 cxd4 4. Nxd4 g6 5. Nc3 Bg7 6. Be3 Nf6 7. Be2 O-O 8.
Nb3 d6 9. O-O Be6 10. f4 a5 11. a4 Rc8 12. Bf3 Bxb3 13. cxb3 Nb4 14. Qe2 Nd7
15. Rac1 Nc5 16. Nd5 Nxd5 17. exd5 Nxb3 18. Rxc8 Qxc8 19. Bg4 Qc7 20. f5 Bd4
21. Bxd4 Nxd4 22. Qe4 Qc5 23. Kh1 gxf5 24. Qxe7 fxg4 25. Qg5+ 1/2-1/2

[Event "17. Europa ch Juvenil - Femenino s16"]
[Site "Sibenik CRO"]
[Date "2007.09.18"]
[Round "5.13"]
[White "Guadamuro Torrente, Anabel"]
[Black "Manyoki, Anna"]
[Result "1-0"]
[WhiteElo "2095"]
[BlackElo "1979"]
[PlyCount "65"]
[EventDate "2007.09.14"]
[EventType "swiss"]
[EventRounds "9"]
[EventCountry "CRO"]
[Source "lmi"]
[SourceDate "2007.09.14"]

1. e4 e5 2. Bc4 Nf6 3. d3 Nc6 4. Nf3 Bc5 5. c3 d6 6. Bb3 a6 7. Nbd2 Ba7 8. O-O
O-O 9. h3 Ne7 10. Re1 Ng6 11. Nf1 Re8 12. Ng3 h6 13. Qe2 Be6 14. Nh2 d5 15. Nh5
Nxh5 16. Qxh5 Qf6 17. Rf1 dxe4 18. Bxe6 Qxe6 19. dxe4 Rad8 20. Ng4 Nf4 21. Bxf4
exf4 22. e5 Rd5 23. Rae1 f5 24. Nf6+ gxf6 25. Qg6+ Kf8 26. exf6 Rd7 27. Rxe6
Rxe6 28. Qxh6+ Kg8 29. Qg6+ Kf8 30. Qxf5 Rdd6 31. f7 b5 32. Qh7 Ke7 33. Qg8 1-0

[Event "17. Europa ch Juvenil - Femenino s16"]
[Site "Sibenik CRO"]
[Date "2007.09.18"]
[Round "5.14"]
[White "Savola, Laura"]
[Black "Hitter, Gabriela"]
[Result "1-0"]
[WhiteElo "2002"]
[BlackElo "2083"]
[PlyCount "59"]
[EventDate "2007.09.14"]
[EventType "swiss"]
[EventRounds "9"]
[EventCountry "CRO"]
[Source "lmi"]
[SourceDate "2007.09.14"]

1. d4 d5 2. c4 dxc4 3. e3 e5 4. Bxc4 exd4 5. exd4 Nf6 6. Nf3 Be7 7. O-O O-O 8.
Ne5 a6 9. Qb3 Qe8 10. Bg5 b5 11. Bd3 h6 12. Bh4 Bb7 13. Ng6 Bd5 14. Nxe7+ Qxe7
15. Bxf6 Qe6 16. Qc2 Qxf6 17. Nc3 Bb7 18. Rfd1 Nd7 19. Ne4 Qb6 20. Rac1 Bxe4
21. Bxe4 Ra7 22. Qe2 Qa5 23. Rc6 b4 24. Bd3 Nf6 25. Qf3 Re8 26. h4 Qxa2 27. Qf5
Qa4 28. Rdc1 Re1+ 29. Rxe1 Qxc6 30. Qc8+ 1-0

[Event "17. Europa ch Juvenil - Femenino s16"]
[Site "Sibenik CRO"]
[Date "2007.09.18"]
[Round "5.15"]
[White "Vetrila, Sanda"]
[Black "Bragina, Anastasia"]
[Result "1-0"]
[WhiteElo "1999"]
[BlackElo "2059"]
[PlyCount "69"]
[EventDate "2007.09.14"]
[EventType "swiss"]
[EventRounds "9"]
[EventCountry "CRO"]
[Source "lmi"]
[SourceDate "2007.09.14"]

1. e4 e5 2. Nf3 Nc6 3. Bc4 Nf6 4. d3 Be7 5. Bb3 d6 6. Nbd2 Bg4 7. h3 Bh5 8. Nf1
Bxf3 9. Qxf3 Nd4 10. Qd1 Nxb3 11. axb3 c6 12. Ng3 g6 13. Bh6 Nd7 14. Qg4 Nc5
15. h4 Ne6 16. Ne2 d5 17. O-O Bxh4 18. exd5 cxd5 19. Qa4+ b5 20. Qxb5+ Qd7 21.
Nc3 Qxb5 22. Nxb5 a6 23. Ra2 Kd7 24. Rfa1 Rab8 25. Nc3 Nc7 26. Ra5 Kd6 27. f4
Bf6 28. Rxa6+ Nxa6 29. Rxa6+ Kd7 30. Rxf6 d4 31. Nd5 Rb5 32. Rxf7+ Kd6 33. Nc7
Rc5 34. fxe5+ Rxe5 35. Bf4 1-0

[Event "17. Europa ch Juvenil - Femenino s16"]
[Site "Sibenik CRO"]
[Date "2007.09.18"]
[Round "5.16"]
[White "Manelidou, Maria"]
[Black "Ildzhirinova, Saglara"]
[Result "0-1"]
[WhiteElo "1920"]
[BlackElo "2106"]
[PlyCount "96"]
[EventDate "2007.09.14"]
[EventType "swiss"]
[EventRounds "9"]
[EventCountry "CRO"]
[Source "lmi"]
[SourceDate "2007.09.14"]

1. e4 c5 2. Nf3 d6 3. d4 cxd4 4. Nxd4 Nf6 5. f3 Nc6 6. c4 Qb6 7. Nc2 g6 8. Nc3
Bg7 9. Be2 O-O 10. Ne3 Be6 11. Na4 Qc7 12. Bd2 Rac8 13. Rc1 Qb8 14. O-O Nd4 15.
Nc3 a6 16. b3 Rfd8 17. Nc2 Nxc2 18. Rxc2 Nd7 19. Bg5 Re8 20. Qd2 Ne5 21. h3 Nc6
22. Rd1 Nd4 23. Rcc1 b5 24. Nd5 Bxd5 25. cxd5 Rxc1 26. Rxc1 Rc8 27. Rxc8+ Qxc8
28. Bxe7 Qc1+ 29. Qxc1 Nxe2+ 30. Kf2 Nxc1 31. Bxd6 Nxa2 32. Ke3 Bf8 33. Bf4
Bc5+ 34. Kd3 Kf8 35. e5 Ke8 36. g4 Kd7 37. Bg5 Nb4+ 38. Ke4 a5 39. f4 Na2 40.
Kd3 Nb4+ 41. Ke4 a4 42. bxa4 bxa4 43. f5 a3 44. e6+ Ke8 45. h4 a2 46. Bf6 Nc2
47. g5 gxf5+ 48. Kxf5 Nd4+ 0-1

[Event "17. Europa ch Juvenil - Femenino s16"]
[Site "Sibenik CRO"]
[Date "2007.09.18"]
[Round "5.18"]
[White "Gvilava, Maya"]
[Black "Karapetyan, Lusine"]
[Result "1/2-1/2"]
[WhiteElo "2046"]
[BlackElo "1949"]
[PlyCount "113"]
[EventDate "2007.09.14"]
[EventType "swiss"]
[EventRounds "9"]
[EventCountry "CRO"]
[Source "lmi"]
[SourceDate "2007.09.14"]

1. e4 c5 2. Nf3 Nf6 3. Nc3 d5 4. exd5 Nxd5 5. Bc4 Nb6 6. Bb5+ Bd7 7. Bxd7+ Qxd7
8. d4 e6 9. O-O Nc6 10. dxc5 Qxd1 11. Rxd1 Bxc5 12. Ne4 Be7 13. b3 f6 14. c4
Kf7 15. Be3 Rhd8 16. Nc5 Bxc5 17. Bxc5 Nd7 18. Bd6 Rac8 19. Rd2 e5 20. Rad1 Nf8
21. Kf1 Ne6 22. Ba3 Rxd2 23. Rxd2 Ncd4 24. Nxd4 Nxd4 25. Bb2 Rd8 26. Bxd4 exd4
27. Ke2 f5 28. Kd3 b6 29. Re2 Kf6 30. f4 g5 31. fxg5+ Kxg5 32. Re7 f4 33. Rxh7
Kf6 34. Rxa7 Rg8 35. Kxd4 Rxg2 36. Ke4 Rf2 37. h4 Kg6 38. a3 Kh5 39. Kd5 f3 40.
Kc6 Rb2 41. b4 Rc2 42. Rf7 Rxc4+ 43. Kxb6 Kg4 44. h5 Kg3 45. Ka5 Rh4 46. b5
Rxh5 47. a4 f2 48. Ka6 Rh4 49. Rxf2 Rxa4+ 50. Kb7 Kxf2 51. b6 Rc4 52. Ka7 Ra4+
53. Kb8 Ke3 54. b7 Kd4 55. Kc7 Rc4+ 56. Kb6 Rb4+ 57. Kc7 1/2-1/2

[Event "17. Europa ch Juvenil - Femenino s16"]
[Site "Sibenik CRO"]
[Date "2007.09.18"]
[Round "5.19"]
[White "Orehek, Spela"]
[Black "Clopes Llahi, Judit"]
[Result "0-1"]
[WhiteElo "1847"]
[BlackElo "2020"]
[PlyCount "72"]
[EventDate "2007.09.14"]
[EventType "swiss"]
[EventRounds "9"]
[EventCountry "CRO"]
[Source "lmi"]
[SourceDate "2007.09.14"]

1. e4 c6 2. d4 d5 3. exd5 cxd5 4. c4 Nf6 5. Nc3 e6 6. Nf3 Be7 7. cxd5 Nxd5 8.
Bd3 O-O 9. O-O Nc6 10. Re1 Nf6 11. a3 b6 12. Bc2 Bb7 13. Qd3 g6 14. Bg5 Nd5 15.
Bh6 Re8 16. Ne4 Bf8 17. Qd2 Nce7 18. Ba4 Bxh6 19. Qxh6 Nf5 20. Qh3 Rf8 21. Bc2
h5 22. g3 Rc8 23. Rac1 Nf6 24. Nxf6+ Qxf6 25. Bxf5 Rxc1 26. Rxc1 Bxf3 27. Bd3
Qxd4 28. Qf1 Qxb2 29. a4 Qe5 30. Bb5 Bd5 31. f3 Qe3+ 32. Kg2 Bxf3+ 33. Qxf3
Qxc1 34. Qf6 Qc2+ 35. Kg1 Qf5 36. Qe7 Qc5+ 0-1

[Event "17. Europa ch Juvenil - Femenino s16"]
[Site "Sibenik CRO"]
[Date "2007.09.18"]
[Round "5.20"]
[White "Vince, Viola"]
[Black "Babei, Angelica"]
[Result "1-0"]
[WhiteElo "1839"]
[BlackElo "1964"]
[PlyCount "75"]
[EventDate "2007.09.14"]
[EventType "swiss"]
[EventRounds "9"]
[EventCountry "CRO"]
[Source "lmi"]
[SourceDate "2007.09.14"]

1. d4 d5 2. c4 c6 3. Nc3 Nf6 4. e3 a6 5. Bd3 b5 6. b3 Bg4 7. Nge2 e6 8. O-O
Nbd7 9. f3 Bh5 10. Nf4 Bg6 11. c5 e5 12. Nxg6 hxg6 13. Bd2 Qc7 14. h3 O-O-O 15.
a4 exd4 16. exd4 Rxh3 17. Ne2 Qh2+ 18. Kf2 Ng4+ 19. fxg4 Rxd3 20. Rh1 Qc7 21.
Qc2 Rxd2 22. Qxd2 Nf6 23. Qf4 Ne4+ 24. Kg1 Qxf4 25. Nxf4 b4 26. a5 g5 27. Ne2
Re8 28. Ra4 Kc7 29. Nc1 Nf6 30. Nd3 Re3 31. Rh3 Re4 32. Rxb4 Nxg4 33. Rh8 Re8
34. Rb6 Nf6 35. Rxa6 Nd7 36. Ra7+ Kc8 37. a6 f5 38. Ra8+ 1-0

[Event "17. Europa ch Juvenil - Femenino s16"]
[Site "Sibenik CRO"]
[Date "2007.09.18"]
[Round "5.22"]
[White "Grigorian, Marine"]
[Black "Khanamiryan, Ani"]
[Result "1-0"]
[WhiteElo "2087"]
[BlackElo "1877"]
[PlyCount "45"]
[EventDate "2007.09.14"]
[EventType "swiss"]
[EventRounds "9"]
[EventCountry "CRO"]
[Source "lmi"]
[SourceDate "2007.09.14"]

1. e4 Nf6 2. e5 Nd5 3. d4 d6 4. c4 Nb6 5. exd6 exd6 6. Nc3 Nc6 7. h3 Bf5 8. Be3
Be7 9. Nf3 O-O 10. Be2 Bf6 11. O-O Re8 12. Rc1 d5 13. c5 Nc8 14. Qb3 N8e7 15.
g4 Be6 16. g5 Bxh3 17. Rfe1 Qd7 18. Kh1 Nf5 19. gxf6 Nxe3 20. fxe3 Rxe3 21.
Qxd5 Qe8 22. Qg5 g6 23. Qh6 1-0

[Event "17. Europa ch Juvenil - Femenino s16"]
[Site "Sibenik CRO"]
[Date "2007.09.18"]
[Round "5.23"]
[White "Richard, Emma"]
[Black "Thorsteinsdottir, Hallgerdur"]
[Result "1-0"]
[WhiteElo "1962"]
[BlackElo "1808"]
[PlyCount "37"]
[EventDate "2007.09.14"]
[EventType "swiss"]
[EventRounds "9"]
[EventCountry "CRO"]
[Source "lmi"]
[SourceDate "2007.09.14"]

1. e4 c6 2. d4 d5 3. Nc3 dxe4 4. Nxe4 Bf5 5. Ng3 Bg6 6. N1e2 e6 7. Nf4 Bd6 8.
Bc4 Qc7 9. Ngh5 Bxf4 10. Nxf4 Nf6 11. Qe2 Qe7 12. f3 Nd5 13. h4 Qb4+ 14. c3
Nxc3 15. bxc3 Qxc3+ 16. Kf2 Qxa1 17. Nxe6 f6 18. Ba3 Qc3 19. Nc7+ 1-0

[Event "17. Europa ch Juvenil - Femenino s16"]
[Site "Sibenik CRO"]
[Date "2007.09.18"]
[Round "5.24"]
[White "Arce Calva, Elvira"]
[Black "Deur, Zrinka"]
[Result "1-0"]
[WhiteElo "1841"]
[BlackElo "1943"]
[PlyCount "67"]
[EventDate "2007.09.14"]
[EventType "swiss"]
[EventRounds "9"]
[EventCountry "CRO"]
[Source "lmi"]
[SourceDate "2007.09.14"]

1. e4 c5 2. Nc3 d6 3. Nge2 Nc6 4. g3 g6 5. Bg2 Bg7 6. d3 e6 7. O-O Nge7 8. f4
O-O 9. Be3 Rb8 10. Qd2 b6 11. Nd1 Bb7 12. c3 Na5 13. Kh1 Qd7 14. Ng1 f5 15. Qe2
Rbd8 16. Nf2 e5 17. Rae1 d5 18. fxe5 dxe4 19. dxe4 Qc8 20. c4 Bxe5 21. Bh6 Bg7
22. Bxg7 Kxg7 23. Qc2 Qa8 24. Ngh3 Nac6 25. Nf4 Nd4 26. Qc3 Kg8 27. Nd5 Nxd5
28. exd5 Qb8 29. Nh3 Qd6 30. Qd2 b5 31. b3 bxc4 32. bxc4 Qa6 33. Qh6 Qd6 34.
Nf4 1-0